| 000 | 00935nam a2200253 i 4500 | ||
|---|---|---|---|
| 001 | 181862 | ||
| 003 | ES-MaACL | ||
| 005 | 20250727022526.0 | ||
| 008 | 130503s2011 sp a | |||||||| | spa d | ||
| 020 | _a978-84-7822-598-9 | ||
| 080 | _a1 Laín Entralgo, Pedro | ||
| 080 | _a572:1 | ||
| 100 | 1 |
_aRoger Garzón, Francisco. _9152668 |
|
| 245 | 1 | 3 |
_aEl concepto de persona y amistad en Pedro Laín Entralgo : _bsu formación en Valencia / _cFrancisco Roger Garzón ; prólogo de Juan José Garrido. |
| 260 |
_a[Valencia] : _bInstitució Alfons el Magnànim, _c2011. |
||
| 300 |
_a567 p. : _bil. ; _c23 cm. |
||
| 504 | _aBibliografía: p. [543]-555. | ||
| 600 | 1 | 4 |
_aLaín Entralgo, Pedro, _d1908-2001 _969681 |
| 650 | 7 |
_aAntropología filosófica _2embne _99891 |
|
| 700 | 1 |
_aGarrido, Juan J. _955676 |
|
| 852 |
_aES-MaACL _jA-12668 _9188770 _bR.149108 _cDEPO1 _dOlim: N-5669 |
||
| 942 |
_2udc _cMONOGRAFIA |
||
| 999 |
_c181862 _d181862 |
||